| 000 | 00338 a2200133 4500 | ||
|---|---|---|---|
| 001 | 92348 | ||
| 082 | _a621.3192 MAL | ||
| 090 |
_c44316 _d44317 |
||
| 100 | _aJohn O'Malley | ||
| 245 | _aBasic Circuit Analysis; problem solved, Schaum's outlines, 2e | ||
| 250 | _a2 | ||
| 260 |
_aNew York _bMcGraw Hill _a2011 |
||
| 300 | _aix, 419 p. | ||
| 942 |
_aNUST-CAE _k621.3192 MAL |
||
| 999 |
_c327421 _d327421 |
||